000 00722nam a22002177a 4500
005 20210816155853.0
008 210816s1993 pe |||fr|||| 001 0 spa d
040 _aCENDOC CAAAP
_bspa
_cCAAAP
041 _aspa
050 _aHA 1068.A5c
_bP45 1993
245 _aPerú :
_bI censo de comunidades indígenas de la Amazonía (información preliminar)
250 _a1ra ed.
260 _aLima:
_bINEI,
_c1993
300 _a99 p.
490 _a(Comunidades Nativas ;
_v1)
505 _aContiene : Resumen metodológico -- Análisis de resultados --Resumen estadístico.
650 1 0 _91407
_aCensos
650 2 0 _92329
_aComunidades indígenas
_zPerú
_zAmazonía.
650 2 0 _93768
_aVivienda
942 _2lcc
_b16 - 08 - 21
_cBK
999 _c2204
_d2204